| 000 | 01339cam a22003857a 4500 | ||
|---|---|---|---|
| 003 | CHAP | ||
| 005 | 20220817041004.0 | ||
| 008 | 971013s1989 r 00010 d | ||
| 010 | _a4075 | ||
| 011 | _a5047 | ||
| 035 | _a4253 | ||
| 040 | _cCHAP | ||
| 090 | _aFolleto 13076 | ||
| 100 | 0 | 0 | _aBraun, Joachim Von. |
| 245 | 0 |
_aNontraditional export crop in Guatemala _b: effects on production income, and nutrition |
|
| 260 |
_aWashington : _bInternational Food Policy Research Institute, _c1989 |
||
| 300 |
_a97 p. _b; gráfs. |
||
| 410 | _aInternational Food Policy Research Institute | ||
| 490 | 0 |
_aResearch report _v; 73 |
|
| 590 |
_aBATCH-UPD _b10 _c20130110 _lUCH01 _h0313 |
||
| 590 |
_aBATCH-UPD _b10 _c20130110 _lUCH01 _h1832 |
||
| 590 |
_aBATCH-UPD _b10 _c20130409 _lUCH01 _h2345 |
||
| 590 |
_aBATCH-UPD _b10 _c20130914 _lUCH01 _h0749 |
||
| 590 |
_aCONVERSION _b10 _c20130109 _lUCH01 _h1303 |
||
| 650 | 1 | 4 |
_aCultivos _xGuatemala. _930279 |
| 650 | 1 | 4 |
_aExportación e importación _xGuatemala. _939099 |
| 650 | 1 | 4 |
_aProductos agrícolas _xMercadeo. _991951 |
| 700 | 0 |
_aHotchkiss, David. _956419 |
|
| 700 | 0 |
_aImmink, Maarten. _957461 |
|
| 810 | _aInternational Food Policy Research Institute | ||
| 830 | 0 |
_aResearch report _v; 73 _996080 |
|
| 901 | _aBK | ||
| 942 | _cFOLL | ||
| 949 |
_aFolleto 13076 _bBC _cFOLL _d-13787 _eTS1 _i4253 _mD _si |
||
| 999 |
_c4075 _d4075 |
||